000 00551nam a2200181 i 4500
001 104493
003 ES-MaACL
005 20230906183622.0
007 t|
008 051130s1924 sp |||| | spa d
100 1 _aMillares Cubas, Agustín.
_981179
245 1 0 _aLéxico de Gran Canaria /
_cAgustín Millares Cubas.
260 _aLas Palmas :
_b[s.n.],
_c1924 (
_fTip. Diario)
300 _a189 p. ;
_c21 cm.
650 4 _aLengua española-
_zGran Canaria.
_9153356
650 4 _aLengua española-
_zCanarias.
_9138147
852 _aES-MaACL
_jF-4309
999 _c104493
_d104493